The Birth of the Propaganda State : (Record no. 608711)

MARC details
000 -LEADER
fixed length control field 00513nam a2200193 a 4500
008 - FIXED-LENGTH DATA ELEMENTS--GENERAL INFORMATION
fixed length control field 260120s1985##################000#0#eng##
020 ## - INTERNATIONAL STANDARD BOOK NUMBER
ISBN 9780521313988
082 04 - DEWEY DECIMAL CLASSIFICATION NUMBER
Classification number 303.37509
Item number KEN
100 1# - MAIN ENTRY--AUTHOR NAME
Personal name Kenez, Peter,
245 10 - TITLE STATEMENT
Title The Birth of the Propaganda State :
260 ## - PUBLICATION, DISTRIBUTION, ETC. (IMPRINT)
Name of publisher Cambridge University Press,
Year of publication 1985.
300 ## - PHYSICAL DESCRIPTION
Number of Pages 332 pages
650 #0 - SUBJECT ADDED ENTRY--TOPICAL TERM
Topical Term History.
942 ## - ADDED ENTRY ELEMENTS (KOHA)
Koha item type English Books
Holdings
Withdrawn status Lost status Damaged status Not for loan Home library Current library Shelving location Date acquired Full call number Accession Number Price effective from Koha item type
        Anna Centenary Library Anna Centenary Library 3RD FLOOR, B WING 20.01.2026 303.37509 KEN 235548 20.01.2026 English Books

Find us on the map